[Event "World Junior Girls 2017"]
[Site "Tarvisio ITA"]
[Date "2017.11.13"]
[Round "1.6"]
[White "Trippold,Denise"]
[Black "Badelka,Olga"]
[Result "0-1"]
[WhiteElo "2104"]
[BlackElo "2374"]

1.d4 d5 2.c4 dxc4 3.e4 Nf6 4.e5 Nd5 5.Bxc4 Nb6 6.Bb3 Nc6 7.Ne2 Bf5 8.Nbc3 e6
9.O-O Qd7 10.Be3 O-O-O 11.Qc1 Nb4 12.Rd1 Kb8 13.a4 N6d5 14.Nxd5 Nxd5 15.a5 a6
16.Nc3 Be7 17.Ba4 Qc8 18.Nxd5 exd5 19.Bg5 f6 20.exf6 gxf6 21.Bf4 Rhg8 22.Qc3 Bd6
23.Bxd6 Rxd6 24.Kh1 h5 25.Re1 h4 26.Re7 Qd8 27.Re3 Bd7 28.Bc2 f5 29.Bd3 Rdg6
30.Rg1 Rg4 31.Be2 R4g7 32.Bf3 f4 33.Re5 c6 34.Rge1 Bg4 35.Bxg4 Rxg4 36.Qf3 Qxa5
37.h3 Rxg2 38.Qxf4 Ka7 39.Re7 Qd8 40.Qf7 Qc8 41.R7e3 R8g7 42.Qf6 Qg8  0-1

[Event "TCh-AUT 2017-18"]
[Site "Austria AUT"]
[Date "2017.11.16"]
[Round "1.4"]
[White "Bosiocic,Mari"]
[Black "Studer,N"]
[Result "1-0"]
[WhiteElo "2597"]
[BlackElo "2471"]

1.d4 d5 2.c4 dxc4 3.e4 Nf6 4.e5 Nd5 5.Bxc4 Nb6 6.Bd3 Nc6 7.Ne2 Bg4 8.Be3 Qd7
9.Nbc3 O-O-O 10.O-O e6 11.f3 Bf5 12.Bxf5 exf5 13.a4 Na5 14.Qc2 Kb8 15.Bf2 g6
16.d5 f4 17.Nxf4 Bh6 18.e6 Qe7 19.Qe4 f5 20.Qe3 Nac4 21.Qc1 Qb4 22.Nce2 Rhe8
23.a5 Bxf4 24.Nxf4 Nxd5 25.a6 b6 26.Rd1 Qb5 27.Ne2 c5 28.Nc3 Nxc3 29.Rxd8+ Rxd8
30.Qf4+ Kc8 31.bxc3 Qb3 32.Re1 Rd1 33.Qh6 Rxe1+ 34.Bxe1 Qd1 35.Qf8+ Kc7 36.Qf7+ Kc8
37.Kf2 Qc2+ 38.Kg3 Qd1 39.Kh3 g5 40.Qxf5 Qxe1 41.Qf8+ Kc7 42.Qe7+  1-0

[Event "TCh-AUT 2017-18"]
[Site "Austria AUT"]
[Date "2017.11.17"]
[Round "2.1"]
[White "Banusz,T"]
[Black "Huschenbeth,N"]
[Result "1/2-1/2"]
[WhiteElo "2616"]
[BlackElo "2601"]

1.d4 d5 2.c4 dxc4 3.e4 e5 4.Nf3 Bb4+ 5.Nc3 Nf6 6.Nxe5 b5 7.f3 a6 8.a4 Bb7
9.axb5 axb5 10.Rxa8 Bxa8 11.Be3 O-O 12.Kf2 Nbd7 13.Nxd7 Qxd7 14.Qc2 Re8 15.Be2 Bxc3
16.bxc3 Bxe4 17.fxe4 Nxe4+ 18.Kg1 Qe7 19.Bf1 Nxc3 20.Qxc3 b4 21.Qc1 Qxe3+
22.Qxe3 Rxe3 23.Kf2 Rc3 24.Be2 b3 25.Rb1 f5 26.Ke1 Rc2 27.Kd1 Kf8 28.Rc1 Ra2
29.Bxc4 Rxg2 30.Bxb3 Rg1+ 31.Kd2 Rxc1 32.Kxc1 Ke7 33.Kd2 Kd6 34.Kd3 g5 35.Bf7 g4
36.Kc4 f4 37.Bh5 g3 38.hxg3 fxg3 39.Bf3 h5 40.Bg2 h4 41.Bf1 Kc6 42.Bh3 Kd6
43.Bg2 Ke6 44.Bh3+ Kd6 45.Bg2 Ke6 46.Bh3+ Kd6  1/2-1/2

[Event "St Louis Inv GM 2017"]
[Site "Saint Louis USA"]
[Date "2017.11.18"]
[Round "2.2"]
[White "Sturt,R"]
[Black "Gurevich,Daniel"]
[Result "0-1"]
[WhiteElo "2449"]
[BlackElo "2471"]

1.d4 d5 2.c4 dxc4 3.e4 Nf6 4.e5 Nd5 5.Bxc4 Nc6 6.Ne2 Nb6 7.Bb3 Bf5 8.Nbc3 e6
9.O-O Qd7 10.Be3 O-O-O 11.a3 f6 12.exf6 gxf6 13.Ng3 Bg6 14.Qf3 Be7 15.Rfd1 Na5
16.Ba2 Nac4 17.d5 e5 18.Bxb6 Nxb6 19.a4 a5 20.Bb1 Rhg8 21.Bf5 Bxf5 22.Nxf5 Rg5
23.Nxe7+ Qxe7 24.Ne4 Rg6 25.d6 cxd6 26.Qc3+ Kb8 27.Qxa5 f5 28.Ng3 d5 29.Nxf5 Qg5
30.Ng3 h5 31.Qb5 h4 32.a5 hxg3 33.hxg3 Nc8 34.Rxd5 Rxd5 35.Qxd5 Rh6 36.Re1 Rh5
37.Qe6 Qg7 38.Rc1 Qh8 39.Rxc8+ Qxc8 40.Qd6+ Ka8 41.Qd2 Qh8 42.f3 Rh1+ 43.Kf2 Qc8
44.g4 Qc5+ 45.Kg3 Qd4 46.Qg5 Ka7 47.b4 Qc3  0-1

[Event "TCh-ROU Superliga 2017"]
[Site "Baile Govora ROU"]
[Date "2017.11.19"]
[Round "9.2"]
[White "Jianu,V"]
[Black "Toma,Ra"]
[Result "0-1"]
[WhiteElo "2539"]
[BlackElo "2374"]

1.d4 d5 2.c4 dxc4 3.e4 Nf6 4.e5 Nd5 5.Bxc4 Nc6 6.Nc3 Nb6 7.Bb5 Be6 8.Nf3 Bd5
9.O-O e6 10.a4 a6 11.Be2 Bb4 12.Be3 Qd7 13.Qc2 f5 14.exf6 gxf6 15.Nxd5 Nxd5
16.Rac1 Nce7 17.Ne1 O-O-O 18.Nd3 Nf5 19.Nxb4 Nxb4 20.Qe4 Rhe8 21.Bf3 Nd5
22.b3 Kb8 23.Rfe1 e5 24.Qxd5 Qxd5 25.Bxd5 Rxd5 26.dxe5 Rdxe5 27.Rc3 b5 28.axb5 Nxe3
29.Rexe3 Rxe3 30.fxe3 axb5 31.Rc5 Re5 32.Rxe5 fxe5 33.Kf2 c5 34.g4 Kc7 35.e4 Kd6
36.Ke3 h5 37.gxh5 Ke6 38.Kf3 Kf6 39.Kg4 Kg7 40.Kg3 Kh7 41.Kf3 Kh6 42.Kg4 b4
43.Kf5 c4 44.bxc4 b3 45.c5 b2 46.Kxe5 b1=Q 47.c6 Qb6 48.Kd6 Qd8+  0-1

[Event "Runavik Open 2017"]
[Site "Runavik FAI"]
[Date "2017.11.21"]
[Round "2.6"]
[White "Maiorov,N1"]
[Black "Thorgeirsson,Jon Kristinn"]
[Result "1-0"]
[WhiteElo "2521"]
[BlackElo "2319"]

1.d4 d5 2.c4 dxc4 3.e4 e5 4.Nf3 Bb4+ 5.Nc3 exd4 6.Qxd4 Qxd4 7.Nxd4 a6 8.Bxc4 c5
9.Nc2 Nf6 10.Nxb4 cxb4 11.Nd5 Nxd5 12.Bxd5 Nc6 13.Be3 Be6 14.Bxe6 fxe6 15.Ke2 a5
16.Rhd1 Rf8 17.Rd6 Ra6 18.Rad1 e5 19.Rd7 Nd4+ 20.Bxd4 Kxd7 21.Bc5+ Ke8 22.Bxf8 Kxf8
23.Rd5 Rc6 24.Kd2 b6 25.Rxe5 Kf7 26.g3 Rh6 27.h4 Rd6+ 28.Rd5 Rc6 29.h5 Ke7
30.f3 Rf6 31.f4 Rc6 32.e5 Rc3  1-0

[Event "TCh-POL Ekstraliga 2017"]
[Site "Poland POL"]
[Date "2017.11.26"]
[Round "9.3"]
[White "Sadzikowski,D"]
[Black "Simacek,P"]
[Result "1-0"]
[WhiteElo "2548"]
[BlackElo "2485"]

1.d4 d5 2.c4 dxc4 3.e4 e5 4.Nf3 exd4 5.Bxc4 Bb4+ 6.Nbd2 Nc6 7.O-O Qf6 8.a3 Ba5
9.Bb5 Bb6 10.Nc4 Bg4 11.Nxb6 Bxf3 12.Nd5 Bxd1 13.Nxf6+ Nxf6 14.Rxd1 O-O-O
15.f3 Ne5 16.Bf4 Ng6 17.Bd2 a6 18.Bf1 Rhe8 19.Rac1 Kb8 20.Rc2 Nd7 21.Ba5 b6
22.Be1 Nc5 23.Rcd2 Kb7 24.Rxd4 Rxd4 25.Rxd4 f5 26.Bg3 fxe4 27.b4 e3 28.bxc5 e2
29.cxb6 Kxb6 30.Rb4+ Kc5 31.Bxe2 Rxe2 32.Bxc7 Ne7 33.Rh4 Nd5 34.Bb8 h6 35.Ba7+ Kc6
36.Bd4 Ra2 37.Bxg7 h5 38.Rxh5 Nf4 39.Rg5 Rxa3 40.h4 a5 41.Rg4 Kd5  1-0

[Event "Adolf Anderssen Mem Final"]
[Site "Wroclaw POL"]
[Date "2017.12.03"]
[Round "1.1"]
[White "Moranda,W"]
[Black "Tomczak,Mikolaj"]
[Result "1-0"]
[WhiteElo "2593"]
[BlackElo "2372"]

1.d4 d5 2.c4 dxc4 3.e4 Nc6 4.Nf3 Bg4 5.d5 Ne5 6.Bf4 Bxf3 7.gxf3 Nd3+ 8.Bxd3 cxd3
9.Qxd3 c6 10.Nc3 Nf6 11.O-O-O g6 12.dxc6 bxc6 13.Qc4 Qc8 14.Rd3 Bg7 15.Rhd1 O-O
16.Kc2 Nh5 17.Bg3 Nxg3 18.hxg3 h5 19.Rd7 e6 20.f4 Qb8 21.e5 Qb6 22.R1d2 Rab8
23.b3 Rb7 24.Na4 Qb5 25.Qxb5 Rxb5 26.Rxa7 h4 27.Nc3 hxg3 28.fxg3 Rb4 29.a3 Rbb8
30.Ne4 c5 31.Rc7 Rfc8 32.Rdd7 Rxc7 33.Rxc7 Bf8 34.Nxc5 Rd8 35.b4 Rd4 36.Kc3 Rd1
37.a4 Rg1 38.a5 Rxg3+ 39.Kc4 Bxc5 40.Rxc5 Rf3 41.a6 Rxf4+ 42.Kb5 Rf2 43.a7 Ra2
44.Rc8+ Kg7 45.a8=Q Rxa8 46.Rxa8 g5 47.Kc6 g4 48.b5 Kg6 49.b6  1-0

[Event "2nd Krunoslav Hulak Mem"]
[Site "Zagreb CRO"]
[Date "2017.12.03"]
[Round "5.6"]
[White "Kuljasevic,D"]
[Black "Sulava,N"]
[Result "1/2-1/2"]
[WhiteElo "2555"]
[BlackElo "2453"]

1.d4 d5 2.c4 dxc4 3.e4 b5 4.a4 c6 5.axb5 cxb5 6.Nc3 a6 7.Nxb5 axb5 8.Rxa8 Bb7
9.Ra2 e6 10.Ne2 Bxe4 11.b3 Nc6 12.bxc4 bxc4 13.Nc3 Bb4 14.Bd2 Bxc3 15.Bxc3 Nge7
16.Qg4 Bf5 17.Qxg7 Rg8 18.Qh6 Nd5 19.Qd2 Qb8 20.Ra1 Qb3 21.Rc1 Kd7 22.Ba1 c3
23.Bxc3 Ra8 24.Qb2 Qxb2 25.Bxb2 Rb8 26.Ba1 Ncb4 27.Kd2 Ra8 28.Bc4 Nb6 29.Bb5+ Kd6
30.Bb2 Ra2 31.Kc3 N6d5+ 32.Kb3 Ra5 33.Be2 Bd3 34.Bxd3 Nxd3 35.Ba3+ Kd7 36.Rc4 Rb5+
37.Ka2 Nxf2 38.Rb1 Rxb1 39.Kxb1 Ng4 40.Rc1 h5 41.Rf1 f5 42.Bc1 Nxh2 43.Rh1 Ng4
44.Rxh5 Kc6 45.Rh8 Nde3 46.g3 Kd5 47.Rd8+ Ke4 48.Rd6 Nd5 49.Rxe6+ Kxd4 50.Kc2 Nge3+
51.Kd2 Nf1+ 52.Ke2 Nxg3+ 53.Kf3 Ne4 54.Bh6 Nc5 55.Bg7+ Kc4 56.Rc6 Kb5 57.Rc8 Nd3
58.Bd4 Kb4 59.Bg7 Kb3 60.Rf8 f4 61.Ke4 N3b4 62.Rc8 Nb6 63.Rc3+ Ka4 64.Bf8 N6d5
65.Rc8 Nb6 66.Rb8 N4d5 67.Bg7 Kb5 68.Bd4 Kc6 69.Rh8 Kb5 70.Rh6 Ka5 71.Be5 Kb5
72.Bd4 Ka5 73.Rg6 Kb5 74.Bf2 Ka5 75.Bh4 Kb5 76.Bf2 Ka5 77.Kd4 Kb5 78.Ke5 Ka5
79.Bd4 Kb5 80.Rg1 Kc4 81.Rg7 Kd3 82.Rb7 f3 83.Rf7 Ne3 84.Bxb6 f2 85.Bxe3 Kxe3
86.Rxf2 Kxf2  1/2-1/2

[Event "14th Vasylyshyn GM"]
[Site "Lviv UKR"]
[Date "2017.12.05"]
[Round "7.3"]
[White "Zakhartsov,Vi"]
[Black "Pacher,M"]
[Result "1/2-1/2"]
[WhiteElo "2543"]
[BlackElo "2449"]

1.d4 d5 2.c4 dxc4 3.e4 e5 4.Nf3 exd4 5.Bxc4 Nc6 6.O-O Be6 7.Bb5 Bc5 8.b4 Bb6
9.a4 a6 10.Bxc6+ bxc6 11.a5 Ba7 12.Bb2 Nf6 13.Bxd4 Nxe4 14.Bxa7 Qxd1 15.Rxd1 Rxa7
16.Ne5 Bd5 17.f3 Nf6 18.Nc3 O-O 19.Rd4 Re8 20.Nd3 Kf8 21.Kf2 Re6 22.Nc5 Rd6
23.Rad1 Ke7 24.h4  1/2-1/2

[Event "London Classic Open 2017"]
[Site "London ENG"]
[Date "2017.12.07"]
[Round "7.122"]
[White "Lie,T"]
[Black "Lee,Kyung Chan"]
[Result "0-1"]
[WhiteElo "1527"]
[BlackElo "1552"]

1.d4 d5 2.c4 dxc4 3.e4 e5 4.Be3 exd4 5.Qxd4 Qxd4 6.Bxd4 Nc6 7.Bc3 Be6 8.Nd2 b5
9.a3 Nf6 10.Ngf3 a6 11.Nd4 Nxd4 12.Bxd4 O-O-O 13.Bc3 Bc5 14.Be2 Rhg8 15.O-O Bd4
16.Rad1 Bxc3 17.bxc3 Bg4 18.f3 Be6 19.Kf2 Nd7 20.a4 Nc5 21.axb5 axb5 22.Nb1 f5
23.e5 f4 24.Rxd8+ Rxd8 25.Re1 Bf5 26.g3 g5 27.gxf4 gxf4 28.h4 Re8 29.Bf1 Bxb1
30.Rxb1 Rxe5 31.Bh3+ Kd8 32.Kf1 c6 33.Ra1 Na4 34.Rd1+ Rd5 35.Rd4 Rxd4 36.cxd4 Ke7
37.Bf5 h6 38.Ke1 Kd6 39.Kd2 Kd5 40.Bd7 Kxd4 41.Bxc6 Kc5 42.Be8 Nb6 43.h5 Nd5
44.Bg6 Ne3 45.Kc3 b4+ 46.Kb2 Kd4 47.Be4 Nf1 48.Kc2 Ke3 49.Bc6 Nd2 50.Be4 c3
51.Bc6 Nxf3 52.Ba4 Nd4+ 53.Kb1 f3 54.Bd7 b3 55.Kc1 Ne2+  0-1

[Event "ch-CHN Rapid Women 2017"]
[Site "Shenzhen CHN"]
[Date "2017.12.07"]
[Round "2.5"]
[White "Yuan,Ye"]
[Black "Huang Qian"]
[Result "0-1"]
[WhiteElo "2159"]
[BlackElo "2438"]

1.d4 d5 2.c4 dxc4 3.e4 Nf6 4.e5 Nd5 5.Bxc4 Be6 6.Ne2 c6 7.Bb3 Qd7 8.O-O Bf5
9.Ng3 Bg6 10.Nc3 e6 11.Nce4 Na6 12.Bd2 h5 13.h4 Nac7 14.Rc1 Be7 15.Bg5 f6
16.exf6 gxf6 17.Bd2 O-O-O 18.Nc5 Bxc5 19.dxc5 e5 20.Re1 Rde8 21.Bc2 f5 22.Ne2 Rhg8
23.Ng3 Qf7 24.b4 e4 25.a4 a6 26.Rb1 e3 27.fxe3 f4 28.Nf1 Bxc2 29.Qxc2 f3  0-1

[Event "Zolochiv Chess Winter"]
[Site "Zolochiv UKR"]
[Date "2017.12.08"]
[Round "9"]
[White "Gutsko,N"]
[Black "Dourtmes,Philip"]
[Result "1-0"]
[WhiteElo "2326"]
[BlackElo "2328"]

1.d4 d5 2.c4 dxc4 3.e4 Nf6 4.e5 Nd5 5.Bxc4 Nb6 6.Bd3 Nc6 7.Ne2 Nb4 8.Be4 f5
9.exf6 exf6 10.O-O f5 11.Bf3 N4d5 12.Nbc3 Be6 13.Re1 Kf7 14.Nf4 Nxf4 15.Bxf4 Bd6
16.Rxe6 Kxe6 17.Qb3+ Kf6 18.Be5+ Bxe5 19.dxe5+ Kg5 20.Bxb7 Rb8 21.Ne2 f4
22.Nxf4 Kxf4 23.Qf7+ Kxe5 24.Re1+ Kd4 25.Re4+ Kd3 26.Qb3+ Kd2 27.Qc3+  1-0

[Event "Herzliya GM 2017"]
[Site "Herzliya ISR"]
[Date "2017.12.09"]
[Round "9.1"]
[White "Zifroni,D"]
[Black "Lev,R"]
[Result "1-0"]
[WhiteElo "2450"]
[BlackElo "2363"]

1.d4 d5 2.c4 dxc4 3.e4 b5 4.a4 c6 5.axb5 cxb5 6.Nc3 Bd7 7.d5 Qc7 8.Nf3 b4
9.d6 exd6 10.Nd5 Qb7 11.Bxc4 Nc6 12.Bf4 Nge7 13.Ng5 Ng6 14.Qh5 Nd8 15.Be3 Be7
16.f4 Bxg5 17.Qxg5 Ne6 18.Qg3 O-O 19.f5 Bb5 20.Bxb5 Qxb5 21.fxe6 fxe6 22.Nc7 Qc4
23.Rc1 Qb3 24.Nxa8 Ne5 25.Bd4  1-0

[Event "ch-CHN Blitz Women 2017"]
[Site "Shenzhen CHN"]
[Date "2017.12.09"]
[Round "9.8"]
[White "Li Xueyi"]
[Black "Xu Huahua"]
[Result "1/2-1/2"]
[WhiteElo "2190"]
[BlackElo "2222"]

1.d4 d5 2.c4 dxc4 3.e4 e6 4.Bxc4 Nf6 5.Nc3 Bb4 6.e5 Nd5 7.Ne2 O-O 8.O-O Bxc3
9.bxc3 b6 10.Bd3 Ba6 11.c4 Ne7 12.Bg5 Qd7 13.Ng3 Ng6 14.Be3 Nc6 15.Qa4 Bb7
16.Bxg6 hxg6 17.Rfd1 Rfd8 18.Qb5 Ne7 19.Qxd7 Rxd7 20.a4 Ba6 21.Rdc1 Nf5 22.Nxf5 gxf5
23.g3 Rc8 24.a5 b5 25.cxb5 Bxb5 26.Rc5 c6 27.f4 Rb8 28.Rb1 a6 29.Rbc1 Rd5
30.Rxd5 exd5 31.Rb1 Kf8 32.Kf2 Ke7 33.Ke1 Rh8 34.h4 Rh6 35.Kd2  1/2-1/2

[Event "European Blitz 2017"]
[Site "Katowice POL"]
[Date "2017.12.15"]
[Round "9.23"]
[White "Moranda,W"]
[Black "Gdanski,J"]
[Result "1-0"]
[WhiteElo "2593"]
[BlackElo "2458"]

1.d4 d5 2.c4 dxc4 3.e4 e5 4.Nf3 exd4 5.Bxc4 Bb4+ 6.Nbd2 Nc6 7.O-O Be6 8.Bxe6 fxe6
9.Nb3 e5 10.Nxe5 Nge7 11.Nf3 d3 12.a3 Ba5 13.Nc5 Bb6 14.Nxd3 Qd7 15.Nde5 Nxe5
16.Nxe5 Qe6 17.Qa4+ c6 18.Nc4 O-O 19.Nxb6 axb6 20.Qc2 Ng6 21.Be3 Ne5 22.Bxb6 Qg4
23.Kh1 Qh5 24.Bc7  1-0

[Event "European Blitz 2017"]
[Site "Katowice POL"]
[Date "2017.12.15"]
[Round "13.80"]
[White "Miton,K"]
[Black "Bolsakovs,V"]
[Result "1-0"]
[WhiteElo "2584"]
[BlackElo "2128"]

1.d4 d5 2.c4 dxc4 3.e4 Nf6 4.e5 Nd5 5.Bxc4 Nb6 6.Bb3 Nc6 7.Be3 Bf5 8.Ne2 e6
9.a3 Be7 10.Nbc3 O-O 11.O-O Na5 12.Bc2 Bxc2 13.Qxc2 Nac4 14.Rad1 Nd5 15.Bc1 Rc8
16.Ne4 Ncb6 17.Rd3 c5 18.dxc5 Nd7 19.Rh3 g6 20.b4 b6 21.c6 Nxe5 22.b5 f5
23.N4c3 Nxc3 24.Rxc3 Bf6 25.Rd1 Qe7 26.Re3 Rc7 27.a4 Ng4 28.Red3 Re8 29.Rd7 Rxd7
30.Rxd7 Qb4 31.Bd2 Qa3 32.h3 Ne5 33.Rxa7 Qa1+ 34.Qc1 Qa2 35.Nf4 Nc4 36.Bc3 e5
37.Nd5 Bd8  1-0

[Event "European Blitz 2017"]
[Site "Katowice POL"]
[Date "2017.12.15"]
[Round "20.44"]
[White "Kourousis,E"]
[Black "Kowalczyk,R"]
[Result "0-1"]
[WhiteElo "2393"]
[BlackElo "2223"]

1.d4 d5 2.c4 dxc4 3.e4 e5 4.Nf3 exd4 5.Bxc4 Nc6 6.O-O Be6 7.Bb5 Bc5 8.Nbd2 Nf6
9.Nb3 Bxb3 10.Qxb3 O-O 11.Qc2 Nd7 12.Bxc6 bxc6 13.b3 Bb6 14.Qxc6 Qf6 15.Qxf6 Nxf6
16.e5 Nd5 17.Bd2 Rfe8 18.Rac1 f6 19.exf6 Nxf6 20.Rfe1 Rad8 21.Rxe8+ Rxe8
22.Re1 Rxe1+ 23.Nxe1 Ne4 24.Bc1 Nc3 25.Nd3 Nxa2 26.Bd2 Nc3 27.Bxc3 dxc3 28.Nb4 Bc5
29.Nc2 Kf7 30.Kf1 Ke6 31.Ke2 Kd5 32.f3 Bd6 33.g3 Be5 34.Kd3 Bf6 35.f4 a5
36.Ne3+ Kc5 37.Nc2 Kb5 38.g4 h6 39.Ke4 a4 40.bxa4+ Kxa4 41.Kd3 Kb3 42.Na1+ Kb2
43.Nc2 c5 44.Ne3 Bd4 45.Nc4+ Kb3 46.Na5+ Ka4 47.Nc4 Kb4 48.Nd6 Kb3 49.Nc4 c2  0-1

[Event "Jolimark HK Open 2017"]
[Site "Hong Kong HKG"]
[Date "2017.12.23"]
[Round "2.16"]
[White "Singh,Eshwant"]
[Black "Molofej,D"]
[Result "0-1"]
[WhiteElo "1641"]
[BlackElo "2081"]

1.d4 d5 2.c4 dxc4 3.e4 Nc6 4.Be3 e5 5.d5 Nce7 6.Bxc4 Nf6 7.Nc3 Ng6 8.h3 a6
9.a4 Bb4 10.Bd3 O-O 11.Ne2 Nh5 12.Qb3 Bd6 13.O-O-O Nhf4 14.Nxf4 exf4 15.Bd4 Ne5
16.Ne2 c5 17.Bxe5 Bxe5 18.g3 f3 19.Ng1 Qf6 20.Bc2 c4 21.Qa3 b5 22.axb5 Bd7
23.b6 Rfb8 24.Nxf3 Bxb2+ 25.Qxb2 Qxf3 26.e5 c3 27.Qb3 Qxf2 28.Qxc3 Rc8 29.b7 Rxc3
30.bxa8=Q+ Rc8 31.Qxc8+ Bxc8 32.d6 Qe3+ 33.Kb1 Bd7 34.Rhf1 Qxg3 35.Rd3 Qxe5
36.Rdf3 Qxd6 37.Rxf7 g6 38.R7f6 Qb4+ 39.Ka2 Bb5 40.Bb3+ Bc4 41.Bxc4+ Qxc4+
42.Kb2 Qe2+ 43.Kb3 Qe3+ 44.Kb4 Qxh3 45.Rf8+ Kg7 46.R1f7+ Kh6 47.Rg8 a5+ 48.Kc5 Qa3+
49.Kd4 Qd6+ 50.Kc3 Qc5+ 51.Kb2 Qb4+ 52.Ka1 Qa3+  0-1

[Event "Bhopal International Open"]
[Site "Bhopal IND"]
[Date "2017.12.24"]
[Round "6.15"]
[White "Moksh,Amit Doshi"]
[Black "Bennett,D"]
[Result "1-0"]
[WhiteElo "2337"]
[BlackElo "2159"]

1.d4 d5 2.c4 dxc4 3.e4 Nf6 4.e5 Nd5 5.Bxc4 Nb6 6.Bb3 Nc6 7.Ne2 Bg4 8.f3 Bf5
9.Nbc3 e6 10.O-O h5 11.Be3 Na5 12.Ng3 Nxb3 13.Qxb3 Bd3 14.Rfc1 Bc4 15.Qc2 h4
16.Nge4 h3 17.g3 Bd5 18.a4 a5 19.Nxd5 Nxd5 20.Bg5 Qd7 21.Qb3 Nb4 22.Rd1 Qd5
23.Qc3 Nc6 24.Rac1 Rh5 25.Qe3 Be7 26.Bxe7 Kxe7 27.g4 Rh6 28.Rc5 Qa2 29.Rb5 Qxa4
30.Nc3 Qc2 31.Rd2 Qc1+ 32.Nd1 b6 33.Rb3 Qb1 34.Rc3 Kd7 35.Qe2 Nb4 36.Qb5+ Kd8
37.d5 exd5 38.Rxd5+ Ke7 39.Rxc7+ Kf8 40.Qd7  1-0

[Event "Doroshkevich Amateur Open"]
[Site "Sochi RUS"]
[Date "2017.12.27"]
[Round "8.14"]
[White "Potapova,Margarita"]
[Black "Dolzhenkov,Y"]
[Result "1-0"]
[WhiteElo "2163"]
[BlackElo "2271"]

1.d4 d5 2.c4 dxc4 3.e4 e5 4.Nf3 exd4 5.Bxc4 Bb4+ 6.Bd2 Bxd2+ 7.Nbxd2 Nc6
8.O-O Be6 9.Bxe6 fxe6 10.Qb3 Qd7 11.Qxb7 Rb8 12.Qa6 Nge7 13.Nc4 Ng6 14.Qa3 Rf8
15.Qc5 a6 16.Qh5 Rb5 17.Qxh7 Qf7 18.Qh3 Nf4 19.Qg4 Rh8 20.e5 Rh6 21.Ng5 Rg6
22.Qf3 Rxg5 23.Qxc6+ Kd8 24.g3 Qf5 25.Qf3 Rg4 26.Rad1 Rd5 27.Kh1 Qh5 28.Qa3 Qh3
29.Rg1 d3 30.Ne3 c5 31.Qa5+ Ke7 32.Nxd5+ exd5 33.Qxc5+ Kf7 34.e6+ Nxe6 35.Qxd5 Rg6
36.Rxd3 Kg8 37.Qg2 Qf5 38.Rd5 Qf6 39.Rd6 Rh6 40.f4 Kh8 41.Qa8+ Kh7 42.Qe4+ Kg8
43.Qe5 Qf7 44.b3 Kh8 45.Re1 Qb7+ 46.Qd5 Qxd5+ 47.Rxd5 Nc7 48.Rd7 Nb5 49.Ree7 Rc6
50.Rxg7 Rc8 51.Rh7+ Kg8 52.f5 Nd4 53.Rdg7+  1-0

[Event "World Blitz 2017"]
[Site "Riyadh KSA"]
[Date "2017.12.29"]
[Round "4.27"]
[White "Sargissian,G"]
[Black "Malakhatko,V"]
[Result "1-0"]
[WhiteElo "2672"]
[BlackElo "2542"]

1.d4 d5 2.c4 dxc4 3.e4 Nf6 4.e5 Nd5 5.Bxc4 Nb6 6.Bd3 Nc6 7.Be3 Nb4 8.Be4 c6
9.Nc3 N4d5 10.Nf3 g6 11.O-O Bg7 12.Qe2 O-O 13.Rad1 f5 14.Bb1 Kh8 15.Bc1 Be6
16.Rfe1 Qd7 17.h4 h6 18.Qc2 Nb4 19.Qd2 N4d5 20.Ne2 Rad8 21.a3 Qe8 22.Qc2 Qf7
23.Bd2 Rd7 24.Nc1 Rdd8 25.Nd3 Nd7 26.Qc1 Kh7 27.h5 gxh5 28.Nh4 Rg8 29.g3 Bf8
30.Ng2 Rg4 31.Ndf4 Nxf4 32.Nxf4 Nb6 33.Qc2 Kg8 34.Be3 Nd5 35.Nxe6 Qxe6 36.Bc1 Nb6
37.Be3 Nd5 38.Bc1 Nb6 39.Qxf5 Qxf5 40.Bxf5 Rgxd4 41.Rxd4 Rxd4 42.Be3 Rd8
43.Kg2 Bg7 44.f4 Kf7 45.Be4 Nc4 46.Bc1 e6 47.Bf3 h4 48.gxh4 Bf8 49.Rd1 Rxd1
50.Bxd1 Bc5 51.Kf3 a5 52.Be2 Nb6 53.h5 Nd5 54.Bd3 Ne7 55.Kg4 a4 56.f5 exf5+
57.Bxf5 Nxf5 58.Kxf5 Bd4 59.Bxh6 Bxb2 60.Bg5 Bxa3 61.h6 Bf8 62.e6+ Kg8 63.Kg6 Bxh6
64.e7  1-0

[Event "47th Rilton Cup 2017-18"]
[Site "Stockholm SWE"]
[Date "2017.12.29"]
[Round "3.11"]
[White "Hammer,J"]
[Black "Eggleston,D"]
[Result "1-0"]
[WhiteElo "2620"]
[BlackElo "2389"]

1.d4 d5 2.c4 dxc4 3.e4 e5 4.Nf3 exd4 5.Bxc4 Bb4+ 6.Nbd2 Nc6 7.O-O Nf6 8.e5 Nd5
9.Nb3 Nb6 10.Bb5 Bd7 11.Bg5 Be7 12.Bxc6 Bxc6 13.Bxe7 Qxe7 14.Nfxd4 Bd5 15.Qg4 g6
16.Rac1 O-O 17.Rfe1 h5 18.Qf4 Nc4 19.Nf5 gxf5 20.Nd4 f6 21.Nxf5 Qh7 22.exf6 Kh8
23.f7 Qxf7 24.Qd4+ Qf6 25.Qxd5 Nxb2 26.Ng3 Qxf2+ 27.Kh1 Qf7 28.Qe5+ Qg7 29.Qxh5+ Qh7
30.Qe5+ Qg7 31.Rxc7 Qxe5 32.Rxe5 Rac8 33.Rec5 Rxc7 34.Rxc7 Rd8 35.h3 Rd1+
36.Kh2 Kg8 37.Rxb7 Rd2 38.Rxa7 Nd1 39.Nf5 Rf2 40.Nh6+ Kh8 41.Ng4 Rf4 42.a4 Nc3
43.a5  1-0

[Event "World Blitz 2017"]
[Site "Riyadh KSA"]
[Date "2017.12.30"]
[Round "19.19"]
[White "Le Quang Liem"]
[Black "Inarkiev,E"]
[Result "1-0"]
[WhiteElo "2737"]
[BlackElo "2689"]

1.d4 d5 2.c4 dxc4 3.e4 e5 4.Nf3 exd4 5.Bxc4 Nc6 6.O-O Bc5 7.Nbd2 Bb6 8.b4 Nge7
9.Ng5 O-O 10.Qh5 h6 11.Nxf7 Rxf7 12.Bxf7+ Kh8 13.Nf3 Qf8 14.b5 Nd8 15.Bb3 Be6
16.Ba3 Bxb3 17.axb3 Ne6 18.Ne5 Nf4 19.Bxe7 Qxe7 20.Qf5 Ne2+ 21.Kh1 Qf6 22.Qxf6 gxf6
23.Nd7 Rd8 24.Nxf6 c6 25.bxc6 bxc6 26.e5 Kg7 27.Nh5+ Kg6 28.g4 d3 29.f4 d2
30.f5+ Kg5 31.f6 Nc3 32.f7 Bc5 33.Nf4 d1=Q 34.Ne6+ Kg6 35.Raxd1 Rxd1 36.Rxd1 Nxd1
37.Nxc5 Kxf7 38.Kg2 Nc3 39.Kf3 Kg6 40.h4 a5 41.Ke3 Kf7 42.Kd4 Ne2+ 43.Ke4 Nc3+
44.Kf5 Nd5 45.e6+ Ke7 46.Ke5 Ne3 47.g5 hxg5 48.hxg5 Ng4+ 49.Kf4 Nf2 50.Kf5 Nd1
51.g6 Ne3+ 52.Kg5 Nd5 53.g7 Nf6 54.Kg6 Ng8 55.Kh7 Nf6+ 56.Kh8 Kd6 57.Ne4+ Nxe4
58.g8=Q Nc5 59.Qf8+ Kd5  1-0

[Event "1st Al Ain Junior U20"]
[Site "Al-Ain UAE"]
[Date "2018.01.02"]
[Round "5.3"]
[White "Harutyunian,T"]
[Black "Danielyan,Vahe"]
[Result "1/2-1/2"]
[WhiteElo "2487"]
[BlackElo "2337"]

1.d4 d5 2.c4 dxc4 3.e4 e5 4.Nf3 exd4 5.Bxc4 Nc6 6.O-O Be6 7.Bxe6 fxe6 8.Qb3 Qd7
9.Qxb7 Rb8 10.Qa6 Nf6 11.Nbd2 Bd6 12.a3 O-O 13.Qd3 Ng4 14.h3 Nge5 15.Nxe5 Nxe5
16.Qxd4 Qb5 17.b4 Nc6 18.Qc4 Qe5 19.g3 Qxa1 20.Qxc6 Qe5 21.Nc4  1/2-1/2

[Event "2nd Vergani Cup 2018"]
[Site "Villorba ITA"]
[Date "2018.01.03"]
[Round "2.4"]
[White "Korobov,A"]
[Black "Juhasz,A"]
[Result "1-0"]
[WhiteElo "2652"]
[BlackElo "2372"]

1.d4 d5 2.c4 dxc4 3.e4 e5 4.Nf3 Bb4+ 5.Bd2 Bxd2+ 6.Qxd2 exd4 7.Qxd4 Qxd4
8.Nxd4 a6 9.Bxc4 Ne7 10.Nc3 b5 11.Be2 Nd7 12.Nb3 Rb8 13.O-O-O Ne5 14.f4 Ng4
15.Rd4 O-O 16.h3 Ne3 17.g3 f5 18.e5 Bb7 19.Re1 N3d5 20.Nc5 Bc6 21.Nxd5 Nxd5
22.Bd1 Nb6 23.Bb3+ Kh8 24.Nxa6 Ra8 25.Nc5 Nc4 26.a3 Rfd8 27.Rxd8+ Rxd8 28.Bxc4 bxc4
29.Rd1 Rd5 30.Rxd5 Bxd5 31.a4  1-0

[Event "30th Staufer-Open 2018"]
[Site "Schwaebisch Gmuend GER"]
[Date "2018.01.04"]
[Round "6.16"]
[White "Neukirchner,Pascal"]
[Black "Wichmann,C"]
[Result "1-0"]
[WhiteElo "2198"]
[BlackElo "2314"]

1.d4 d5 2.c4 dxc4 3.e4 e5 4.Nf3 exd4 5.Bxc4 Nc6 6.O-O Be6 7.Bxe6 fxe6 8.Qb3 Qd7
9.Qxb7 Rb8 10.Qa6 Nf6 11.Nbd2 Bb4 12.Qd3 Bxd2 13.Bxd2 Rxb2 14.Rac1 Rb6 15.Rc5 O-O
16.Rfc1 Ne8 17.Qc4 Nd8 18.Ne5 Qe7 19.Qxd4 Rd6 20.Qe3 Nf7 21.Nf3 Ra6 22.Bb4 Nfd6
23.e5 Nf5 24.Qd3 Rxa2 25.Rb5 Ned6 26.exd6 cxd6 27.Qc4 Rb2 28.Re1 Qf7 29.Bc3 Rxb5
30.Qxb5 e5 31.Qa4 Rc8 32.Ng5 Qc4 33.Qxc4+ Rxc4 34.Rb1 Rc8 35.Ba1 h6 36.Ne4 Rc4
37.Nc3 Rc7 38.g4 Nh4 39.Rd1 Rc4 40.h3 Rd4 41.Rxd4 Nf3+ 42.Kg2 Nxd4 43.Nd5 Nc6
44.Bb2 Kf7 45.Ba3 Ke6 46.Nc7+ Kd7 47.Nb5 d5 48.Bf8 g6 49.Bxh6 d4 50.Kf3 a6
51.Na3 Nd8 52.Bd2 Ke6 53.h4 Nf7 54.Nc4 Kd5 55.Na5 Nd6 56.h5 gxh5 57.gxh5 Ke6
58.h6 Kf6 59.Bb4 e4+ 60.Kf4 e3 61.fxe3 Nf7 62.exd4 Nxh6 63.Ke4 Ke6 64.d5+ Kd7
65.Nc4 Kd8 66.Ne5 Ng8 67.Kf5 Ke8 68.d6 Nh6+ 69.Ke6 Kd8 70.Ba5+ Ke8 71.d7+  1-0

[Event "47th Rilton Cup 2017-18"]
[Site "Stockholm SWE"]
[Date "2018.01.05"]
[Round "9.52"]
[White "Pantzar,Milton"]
[Black "Glimbrant,T"]
[Result "1-0"]
[WhiteElo "2268"]
[BlackElo "2274"]

1.d4 d5 2.c4 dxc4 3.e4 Nf6 4.e5 Nd5 5.Bxc4 Nb6 6.Bd3 Nc6 7.Be3 Nb4 8.Be4 f5
9.a3 N4d5 10.Bd3 c6 11.Ne2 Be6 12.Nbc3 Qd7 13.O-O g6 14.Qd2 Nxe3 15.fxe3 Bh6
16.b4 Nc4 17.Bxc4 Bxc4 18.Rf3 O-O 19.Nf4 Rfd8 20.Qf2 b6 21.Rh3 Bxf4 22.Qxf4 e6
23.Rc1 Bd5 24.Rg3 c5 25.bxc5 Rac8 26.Nxd5 Qxd5 27.h4 bxc5 28.h5 Qe4 29.Qh6 Qh4
30.Rh3 Qg4 31.hxg6 Qxg6 32.Qh4 Kh8 33.Rg3 Qf7 34.Rxc5 Rb8 35.Rc7  1-0

[Event "Laos Open 2018"]
[Site "Vientiane LAO"]
[Date "2018.01.07"]
[Round "8.15"]
[White "Ng,Jun Fung Isaac"]
[Black "Sim,Jia Ru"]
[Result "1/2-1/2"]
[WhiteElo "1594"]
[BlackElo "1650"]

1.d4 d5 2.c4 dxc4 3.e4 Nf6 4.Nc3 e5 5.d5 Bc5 6.Bg5 h6 7.Bh4 a6 8.Bxc4 Qd6
9.Nf3 Bg4 10.Bg3 Nbd7 11.O-O O-O 12.Rc1 Nh5 13.Be2 Nxg3 14.hxg3 Nf6 15.Nh4 Bd7
16.Bd3 Qb6 17.Na4 Bxa4 18.Qxa4 Rac8 19.Qc2 Bd4 20.Nf5 Rfe8 21.b3 Ng4 22.Qe2 h5
23.d6 cxd6 24.Rxc8 Rxc8 25.Ne7+ Kh7 26.Nxc8 Qd8 27.Qc2 h4 28.Be2 Nxf2 29.Rxf2 hxg3
30.Bg4 Qh4 31.Bh3 gxf2+ 32.Kf1 Qf4 33.Qd1 g6 34.Nxd6 Qh2 35.Ke2 Qg1 36.Qf1 Qh2  1/2-1/2